Statistics for Biggest Asian Cities by Letter - J

Click here to take the quiz!

General Stats

  • This quiz has been taken 55 times
  • The average score is 5 of 10

Answer Stats

CountryPopulationCity% Correct
Indonesia31.3 milJakarta
100%
Saudi Arabia4.95 milJeddah
95%
India3.95 milJaipur
88%
India1.48 milJodhpur
66%
China4.47 milJinan
59%
India1.66 milJamshedpur
34%
China1.54 milJilin
34%
India1.49 milJabalpur
27%
China2.47 milJiangyin
10%
China1.47 milJiaozuo
2%

Score Distribution

Percentile by Number Answered

Percent of People with Each Score

Your Score History

You have not taken this quiz